<?xml version="1.0" encoding="UTF-8"?><?xml-stylesheet type="text/xsl" href="static/style.xsl"?><OAI-PMH xmlns="http://www.openarchives.org/OAI/2.0/" xmlns:xsi="http://www.w3.org/2001/XMLSchema-instance" xsi:schemaLocation="http://www.openarchives.org/OAI/2.0/ http://www.openarchives.org/OAI/2.0/OAI-PMH.xsd"><responseDate>2026-06-07T13:53:23Z</responseDate><request verb="GetRecord" identifier="oai:docta.ucm.es:20.500.14352/97388" metadataPrefix="marc">https://docta.ucm.es/rest/oai/request</request><GetRecord><record><header><identifier>oai:docta.ucm.es:20.500.14352/97388</identifier><datestamp>2024-10-28T13:59:21Z</datestamp><setSpec>com_20.500.14352_14</setSpec><setSpec>col_20.500.14352_15</setSpec></header><metadata><record xmlns="http://www.loc.gov/MARC21/slim" xmlns:dcterms="http://purl.org/dc/terms/" xmlns:xsi="http://www.w3.org/2001/XMLSchema-instance" xmlns:doc="http://www.lyncode.com/xoai" xsi:schemaLocation="http://www.loc.gov/MARC21/slim http://www.loc.gov/standards/marcxml/schema/MARC21slim.xsd">
   <leader>00925njm 22002777a 4500</leader>
   <datafield ind2=" " ind1=" " tag="042">
      <subfield code="a">dc</subfield>
   </datafield>
   <datafield ind2=" " ind1=" " tag="720">
      <subfield code="a">Vélez, Jorge</subfield>
      <subfield code="e">author</subfield>
   </datafield>
   <datafield ind2=" " ind1=" " tag="720">
      <subfield code="a">Peláez Rico, Jesús</subfield>
      <subfield code="e">author</subfield>
   </datafield>
   <datafield ind2=" " ind1=" " tag="720">
      <subfield code="a">López Suárez, Carlos</subfield>
      <subfield code="e">author</subfield>
   </datafield>
   <datafield ind2=" " ind1=" " tag="720">
      <subfield code="a">Agustín Panadero, Rubén</subfield>
      <subfield code="e">author</subfield>
   </datafield>
   <datafield ind2=" " ind1=" " tag="720">
      <subfield code="a">Tobar Arribas, Celia</subfield>
      <subfield code="e">author</subfield>
   </datafield>
   <datafield ind2=" " ind1=" " tag="720">
      <subfield code="a">Suárez García, María Jesús</subfield>
      <subfield code="e">author</subfield>
   </datafield>
   <datafield ind2=" " ind1=" " tag="260">
      <subfield code="c">2020-07-24</subfield>
   </datafield>
   <datafield ind2=" " ind1=" " tag="520">
      <subfield code="a">Background: An accurate fit at the implant-abutment interface is an important factor to avoid biological and mechanical complications. The aim of this study was to evaluate the marginal misfit at the implant-abutment interface on external and Morse taper connection, with straight and angulated abutments under different insertion torque loads.

Materials and Methods: A total of 120 implants were used, 60 with external connection (EC) and 60 with Morse taper connection (IC). Straight (SA) (n = 60) and angulated abutments (AA) (n = 60) were randomly screwed to each connection at different torque levels (n = 10 each): 10, 20 and 30 Ncm. All specimens were subjected to thermal and cyclic loading and the misfit was measured by scanning electron microscopy. Data were analyzed with one-way ANOVA, t-test and Kruskal-Wallis test.

Results: Significant differences (p &lt; 0.001) were found between connections and abutments regardless of the torque applied. Morse taper connections with straight and angulated abutments showed the lowest misfit values (0.6 µm). Misfit values decreased as torque increased.

Conclusions: The misfit was affected by the type of connection. The type of abutment did not influence the fit in the Morse taper connection. The higher the tightening torque applied the increase in the fit of the implant-abutment interface.</subfield>
   </datafield>
   <datafield ind1="8" ind2=" " tag="024">
      <subfield code="a">Vélez J, Peláez J, López-Suárez C, Agustín-Panadero R, Tobar C, Suárez MJ. Influence of Implant Connection, Abutment Design and Screw Insertion Torque on Implant-Abutment Misfit. J Clin Med. 2020 Jul 24;9(8):2365.</subfield>
   </datafield>
   <datafield ind1="8" ind2=" " tag="024">
      <subfield code="a">2077-0383</subfield>
   </datafield>
   <datafield ind1="8" ind2=" " tag="024">
      <subfield code="a">10.3390/jcm9082365</subfield>
   </datafield>
   <datafield ind1="8" ind2=" " tag="024">
      <subfield code="a">https://hdl.handle.net/20.500.14352/97388</subfield>
   </datafield>
   <datafield ind1="8" ind2=" " tag="024">
      <subfield code="a">https//doi.org/10.3390/jcm9082365</subfield>
   </datafield>
   <datafield ind1="8" ind2=" " tag="024">
      <subfield code="a">https://www.mdpi.com/2077-0383/9/8/2365</subfield>
   </datafield>
   <datafield ind2="0" ind1="0" tag="245">
      <subfield code="a">Influence of implant connection, abutment design and screw insertion torque on implant-abutment misfit</subfield>
   </datafield>
</record></metadata></record></GetRecord></OAI-PMH>